000 00507nam a2200193Ia 4500
005 20240913125243.0
008 240913s9999||||xx |||||||||||||| ||und||
020 _a0-8247-9571-7
041 _aENGLISH
082 _A658.2 N5
100 _aVijay S Sheth
245 0 _aFacilities Planning and Materials Handling : Methods and Requirements
250 _a1st
260 _c1995
_bMarcel Dekker,New
500 _aREFERENCE
650 _aMaterials
_bManagement Studies
942 _cREF
999 _c245155
_d245155